000 00729nam a2200205Ia 4500
003 GCL
008 140319s9999 xx 000 0 ara d
040 _aGCL /
_cGCL
082 0 4 _a792.025
_bهـ م
100 1 _aهاورد، باميلا
245 1 0 _aماهى السينوغرافيا /
_cهاورد، باميلا
260 _aالقاهرة :
_bوزارة الثقافة - مهرجان القاهرة الدولى للمسرح التجريبى ،
_c2004
300 _a207 ص ؛
_c24 سم
650 0 4 _aالتذوق المسرحى
650 0 4 _aالفنون المسرحية
650 0 4 _aالمسارح - ادلة
650 0 4 _aالمسارح - ديكور
650 0 4 _aالمسارح - تصميم
942 _2ddc
_cBK
999 _c7180
_d7180